[Event "St Petersburg June op"]
[Site "St Petersburg"]
[Date "2008.06.23"]
[Round "3"]
[White "Khusenkhojaev, Muhammad"]
[Black "Bocharov, Leonid"]
[Result "1-0"]
[WhiteElo "2397"]
[BlackElo "2192"]
[PlyCount "83"]
[EventDate "2008.06.21"]
[EventType "swiss"]
[EventRounds "9"]
[EventCountry "RUS"]
[SourceTitle "CBM 125 Extra"]
[Source "ChessBase"]
[SourceDate "2008.09.01"]
[SourceVersion "1"]
[SourceVersionDate "2008.09.01"]
[SourceQuality "1"]

1. Nf3 Nf6 2. c4 g6 3. Nc3 Bg7 4. e4 d6 5. d4 0-0 6. Be2 e5 7. dxe5 dxe5 8. Qxd8 Rxd8 9. Bg5 Re8 10. 0-0-0 Bg4 11. Nd5 Nxd5 12. cxd5 Nd7 13. h3 Bxf3 14. gxf3 a6 15. Kb1 Bf8 16. Rc1 Bd6 17. Bd1 Nc5 18. Bc2 a5 19. Bh6 f6 20. h4 Kf7 21. Be3 b6 22. Bd1 Rh8 23. Be2 h6 24. Bb5 Rag8 25. b3 f5 26. exf5 gxf5 27. f4 Ne4 28. Bd7 Kf6 29. fxe5+ Bxe5 30. f4 Bc3 31. Rhd1 Rh7 32. Be6 Rg2 33. Rd3 c5 34. Rdxc3 Nxc3+ 35. Rxc3 Rhg7 36. Rc2 Rxc2 37. Kxc2 Rg4 38. Bd2 Rxh4 39. Bc3+ Ke7 40. Be5 Rh2+ 41. Kd3 a4 42. Bxf5 1-0

[Event "St Petersburg op U18"]
[Site "St Petersburg"]
[Date "2008.01.11"]
[Round "7"]
[White "Mukhlisov, Vladislav"]
[Black "Bocharov, Leonid"]
[Result "0-1"]
[WhiteElo "2134"]
[BlackElo "2185"]
[PlyCount "66"]
[EventDate "2008.01.05"]
[EventType "swiss"]
[EventRounds "9"]
[EventCountry "RUS"]
[SourceTitle "CBM 122 Extra"]
[Source "ChessBase"]
[SourceDate "2008.03.04"]
[SourceVersion "1"]
[SourceVersionDate "2008.03.04"]
[SourceQuality "1"]

1. d4 Nf6 2. c4 g6 3. Nc3 Bg7 4. e4 0-0 5. Nf3 d6 6. Be2 e5 7. Be3 c6 8. 0-0 Nbd7 9. Re1 Qe7 10. Bf1 a5 11. Nd2 Ne8 12. d5 c5 13. a3 f5 14. f3 f4 15. Bf2 g5 16. b4 b6 17. bxa5 bxa5 18. Nb5 h5 19. a4 Rf6 20. Nb3 Rg6 21. Be2 Ndf6 22. Nxd6 Nxd6 23. Bxc5 Nd7 24. Bf2 Nb7 25. Rc1 g4 26. Kh1 g3 27. Bg1 Qh4 28. h3 Ndc5 29. Bf1 Bf8 30. Qc2 Bd7 31. Qc3 Nxb3 32. Qxb3 Nc5 33. Qc3 Qf6 0-1

[Event "St Petersburg op U18"]
[Site "St Petersburg"]
[Date "2008.01.09"]
[Round "5"]
[White "Kazakevich, Grigoriy"]
[Black "Bocharov, Leonid"]
[Result "0-1"]
[WhiteElo "2155"]
[BlackElo "2185"]
[PlyCount "106"]
[EventDate "2008.01.05"]
[EventType "swiss"]
[EventRounds "9"]
[EventCountry "RUS"]
[SourceTitle "CBM 122 Extra"]
[Source "ChessBase"]
[SourceDate "2008.03.04"]
[SourceVersion "1"]
[SourceVersionDate "2008.03.04"]
[SourceQuality "1"]

1. e4 e6 2. d4 d5 3. Nd2 Nf6 4. e5 Nfd7 5. Bd3 c5 6. c3 Nc6 7. Ne2 Qb6 8. Nf3 Be7 9. 0-0 0-0 10. b3 f6 11. exf6 Nxf6 12. Ng3 Kh8 13. Ba3 Qa5 14. Bxc5 Bxc5 15. dxc5 Qxc5 16. c4 Bd7 17. cxd5 exd5 18. Rc1 Qb6 19. h3 Rae8 20. Re1 Qa5 21. Qd2 Qxd2 22. Nxd2 Ne5 23. Bf1 h5 24. Be2 h4 25. Ngf1 Ng6 26. Nh2 Nf4 27. Bf1 Ne4 28. Ndf3 g5 29. Nd4 Rc8 30. Nhf3 Rxc1 31. Rxc1 Rc8 32. Rxc8+ Bxc8 33. Ne5 Kg7 34. Nd3 Ne6 35. Nxe6+ Bxe6 36. f3 Nc3 37. Nc5 Bc8 38. a4 Kf6 39. Kf2 Ke5 40. Nd3+ Kd4 41. f4 Bf5 42. Ne5 Ne4+ 43. Ke1 gxf4 44. Nf3+ Ke3 45. Nxh4 Be6 46. Ng6 d4 47. b4 Ng3 48. Bd3 Bd5 49. Ne5 Bxg2 50. h4 f3 51. Bc4 f2+ 52. Kd1 Bf3+ 53. Kc2 Be2 0-1

[Event "St Petersburg op U18"]
[Site "St Petersburg"]
[Date "2008.01.06"]
[Round "2"]
[White "Bocharov, Leonid"]
[Black "Senkevich, Konstantin"]
[Result "1/2-1/2"]
[WhiteElo "2185"]
[BlackElo "2100"]
[PlyCount "35"]
[EventDate "2008.01.05"]
[EventType "swiss"]
[EventRounds "9"]
[EventCountry "RUS"]
[SourceTitle "CBM 122 Extra"]
[Source "ChessBase"]
[SourceDate "2008.03.04"]
[SourceVersion "1"]
[SourceVersionDate "2008.03.04"]
[SourceQuality "1"]

1. e4 c5 2. Nf3 Nc6 3. Nc3 e5 4. g3 d6 5. Bg2 Nf6 6. 0-0 Nd4 7. Nxd4 cxd4 8. Ne2 Be7 9. d3 0-0 10. c3 dxc3 11. bxc3 d5 12. d4 Nxe4 13. dxe5 Qa5 14. c4 Rd8 15. cxd5 Bf5 16. d6 Qxe5 17. Bf4 Qf6 18. Nd4 1/2-1/2

[Event "Petrovskaya Ladya IM1"]
[Site "Peterhof"]
[Date "2007.08.13"]
[Round "13"]
[White "Bocharov, Leonid"]
[Black "Bets, Anatolij"]
[Result "0-1"]
[WhiteElo "2229"]
[BlackElo "2348"]
[PlyCount "44"]
[EventDate "2007.08.06"]
[EventType "tourn"]
[EventRounds "13"]
[EventCountry "RUS"]
[EventCategory "3"]
[SourceTitle "CBM 119 Extra"]
[Source "ChessBase"]
[SourceDate "2007.09.04"]
[SourceVersion "1"]
[SourceVersionDate "2007.09.04"]
[SourceQuality "1"]

1. e4 c6 2. Nc3 d5 3. Nf3 Bg4 4. h3 Bh5 5. exd5 cxd5 6. Bb5+ Nc6 7. g4 Bg6 8. Ne5 Rc8 9. d4 e6 10. h4 f6 11. Nxg6 hxg6 12. Qd3 Kf7 13. a3 Bd6 14. Ne2 a6 15. Ba4 Qa5+ 16. Nc3 b5 17. Bb3 b4 18. Ne2 bxa3+ 19. c3 Qb6 20. Bc2 axb2 21. Bxb2 Qxb2 22. 0-0 Nb4 0-1

[Event "Petrovskaya Ladya IM1"]
[Site "Peterhof"]
[Date "2007.08.11"]
[Round "11"]
[White "Bocharov, Leonid"]
[Black "Eliseev, Alexey"]
[Result "0-1"]
[WhiteElo "2229"]
[BlackElo "2421"]
[PlyCount "84"]
[EventDate "2007.08.06"]
[EventType "tourn"]
[EventRounds "13"]
[EventCountry "RUS"]
[EventCategory "3"]
[SourceTitle "CBM 119 Extra"]
[Source "ChessBase"]
[SourceDate "2007.09.04"]
[SourceVersion "1"]
[SourceVersionDate "2007.09.04"]
[SourceQuality "1"]

1. e4 g6 2. d4 Bg7 3. Nc3 c6 4. Nf3 d6 5. h3 Nf6 6. Bd3 0-0 7. 0-0 d5 8. Re1 Nbd7 9. exd5 cxd5 10. Bf4 a6 11. a4 b6 12. Qd2 Re8 13. Re2 Nf8 14. Rf1 Bf5 15. g4 Bxd3 16. Qxd3 Qc8 17. Rfe1 Qb7 18. Bg3 e6 19. Ne5 N6d7 20. Qf3 f6 21. Nd3 Kf7 22. Be5 g5 23. h4 h6 24. Bg3 b5 25. Kg2 b4 26. Na2 a5 27. Nac1 Kg8 28. Nb3 Qc6 29. Ndc5 Nxc5 30. Nxc5 Ra7 31. c4 bxc3 32. Qxc3 e5 33. Ne4 Qxa4 34. Qc5 Rd7 35. Nd6 Re6 36. dxe5 fxe5 37. Nf5 gxh4 38. Nxg7 Rxg7 39. Bxh4 Qxg4+ 40. Bg3 e4 41. Qxd5 Qf3+ 42. Kg1 Rg5 0-1

[Event "St Petersburg Spassky CC Rating"]
[Site "St Petersburg"]
[Date "2007.01.13"]
[Round "1"]
[White "Bocharov, Leonid"]
[Black "Timchenko, Aleksandr"]
[Result "1/2-1/2"]
[WhiteElo "2147"]
[BlackElo "2112"]
[PlyCount "43"]
[EventDate "2007.01.13"]
[EventType "tourn"]
[EventRounds "9"]
[EventCountry "RUS"]
[SourceTitle "EXT 2019"]
[Source "ChessBase"]
[SourceDate "2018.10.10"]
[SourceVersion "1"]
[SourceVersionDate "2018.10.10"]
[SourceQuality "1"]

1. e4 g6 2. d4 Bg7 3. Nc3 c6 4. Nf3 d5 5. h3 Nf6 6. Bd3 0-0 7. 0-0 a5 8. Re1 Na6 9. exd5 cxd5 10. a3 Bd7 11. Bf4 Nc7 12. Qe2 Ne6 13. Be5 Bc6 14. Qd2 Qb6 15. Rab1 a4 16. Qe3 Rfe8 17. Ne2 Bb5 18. Ng3 Bxd3 19. Qxd3 Rec8 20. c3 Ra5 21. Re2 Bh6 22. Qd1 1/2-1/2

[Event "Petrovskaya Ladya op"]
[Site "Peterhof"]
[Date "2007.01.11"]
[Round "9"]
[White "Bocharov, Leonid"]
[Black "Utkin, Alexander"]
[Result "1-0"]
[WhiteElo "2147"]
[BlackElo "2236"]
[PlyCount "59"]
[EventDate "2007.01.03"]
[EventType "swiss"]
[EventRounds "9"]
[EventCountry "RUS"]
[SourceTitle "CBM 116 Extra"]
[Source "ChessBase"]
[SourceDate "2007.03.07"]
[SourceVersion "1"]
[SourceVersionDate "2007.03.07"]
[SourceQuality "1"]

1. e4 c5 2. Nf3 Nc6 3. Nc3 e5 4. g3 g6 5. Bg2 Bg7 6. 0-0 Nge7 7. d3 0-0 8. Be3 d6 9. Ng5 h6 10. Nh3 Be6 11. f4 Qd7 12. f5 gxf5 13. Qh5 f4 14. gxf4 Bg4 15. Qh4 Ng6 16. Qg3 exf4 17. Nxf4 Kh7 18. h3 Be6 19. Nh5 Rg8 20. Nf6+ Bxf6 21. Rxf6 Nce5 22. Raf1 Raf8 23. Bc1 Kg7 24. Nd5 Bxd5 25. exd5 Qe7 26. c3 Rh8 27. d4 Nd7 28. Rxd6 cxd4 29. Re1 Nde5 30. Bf4 1-0

[Event "Petrovskaya Ladya op"]
[Site "Peterhof"]
[Date "2007.01.06"]
[Round "4"]
[White "Semenenko, Sergey"]
[Black "Bocharov, Leonid"]
[Result "1/2-1/2"]
[WhiteElo "2196"]
[BlackElo "2147"]
[PlyCount "170"]
[EventDate "2007.01.03"]
[EventType "swiss"]
[EventRounds "9"]
[EventCountry "RUS"]
[SourceTitle "CBM 116 Extra"]
[Source "ChessBase"]
[SourceDate "2007.03.07"]
[SourceVersion "1"]
[SourceVersionDate "2007.03.07"]
[SourceQuality "1"]

1. d4 Nf6 2. c4 g6 3. Nc3 Bg7 4. e4 0-0 5. Be3 d6 6. f3 Nc6 7. Nge2 a6 8. Qd2 Rb8 9. Nc1 e5 10. d5 Nd4 11. N1e2 c5 12. dxc6 Nxc6 13. Nd5 b5 14. Nec3 Nd4 15. Bd3 Be6 16. 0-0 Bxd5 17. cxd5 Nh5 18. Ne2 Nxe2+ 19. Bxe2 f5 20. Bd3 Qd7 21. Rac1 Rfc8 22. Rxc8+ Rxc8 23. Rc1 Bf6 24. Rxc8+ Qxc8 25. Qc1 Qxc1+ 26. Bxc1 f4 27. a4 Bd8 28. axb5 Bb6+ 29. Kf1 a5 30. Bd2 Kf7 31. Bc2 Nf6 32. b4 axb4 33. Bxb4 Ke7 34. g3 g5 35. Bd3 Nd7 36. Kg2 Nc5 37. Bc2 Kf6 38. gxf4 gxf4 39. Kh3 Kg5 40. Be1 Kg6 41. Bh4 Nb7 42. Kg2 Kh5 43. Be7 Kg6 44. Kf1 Kf7 45. Bh4 Nc5 46. Ke2 Ke8 47. Kd2 Ba5+ 48. Kc1 Kd7 49. Bd1 Bd8 50. Bxd8 Kxd8 51. Kd2 Kc7 52. Kc3 Kb6 53. Be2 Ka5 54. Bf1 Nd7 55. Be2 Nf8 56. Kd2 Kb6 57. Bf1 Kc5 58. Ke1 Nd7 59. Kf2 Nf6 60. Kg2 Ne8 61. Kh3 Nf6 62. Kh4 h6 63. Kh3 Kb6 64. Kg2 Kb7 65. Kf2 Kb6 66. Ke1 Kc5 67. Kd2 Ne8 68. Kc3 Nc7 69. Be2 h5 70. h4 Ne8 71. Bf1 Nc7 72. Kd2 Nxb5 73. Bh3 Nd4 74. Bg2 Kc4 75. Ke1 Kd3 76. Kf2 Kd2 77. Bh3 Ne2 78. Bf5 Ng3 79. Bg6 Kd3 80. Be8 Nh1+ 81. Kg2 Ng3 82. Bb5+ Kd2 83. Be8 Ke2 84. Bd7 Ke1 85. Bb5 Ne2 1/2-1/2